[Event "AUT-chT2S 9697"]
[Site "Austria"]
[Date "1996.??.??"]
[Round "6"]
[White "Eichhorn, Alfred"]
[Black "Fabiani, M."]
[Result "1-0"]
[WhiteElo "2060"]
[BlackElo "2020"]
[PlyCount "157"]
[EventDate "1996.??.??"]
[EventType "team"]
[EventRounds "11"]
[EventCountry "AUT"]
[SourceTitle "EXT 1999"]
[Source "ChessBase"]
[SourceDate "1998.11.16"]
[SourceVersion "1"]
[SourceVersionDate "1998.11.16"]
[SourceQuality "1"]

1. e4 c5 2. c3 d5 3. exd5 Qxd5 4. d4 Nc6 5. Nf3 Bg4 6. Be2 cxd4 7. cxd4 e6 8. 0-0 Nf6 9. Nc3 Qa5 10. h3 Bh5 11. Ne5 Bxe2 12. Nxc6 Qa6 13. Qxe2 Qxc6 14. d5 Nxd5 15. Nxd5 Qxd5 16. Rd1 Qa5 17. Bd2 Bb4 18. Bxb4 Qxb4 19. a3 Qb6 20. Qe5 0-0 21. Rd6 Qb3 22. Rad1 Rac8 23. R1d3 Qc4 24. Rd7 Rc5 25. Qd6 Rc6 26. Qe7 g6 27. Rd8 Rxd8 28. Rxd8+ Kg7 29. Qf8+ Kf6 30. Qh8+ Kf5 31. Rd4 Qc1+ 32. Kh2 f6 33. Qxh7 Rd6 34. Rg4 Rd1 35. Qxg6+ Ke5 36. Qe4+ Kd6 37. Qb4+ Ke5 38. Qe4+ Kd6 39. Qb4+ Ke5 40. Qb5+ Kd6 41. Qxb7 Rh1+ 42. Kg3 Qc5 43. Qb4 Rc1 44. Rd4+ Ke5 45. Re4+ Kf5 46. Rf4+ Ke5 47. Qxc5+ Rxc5 48. Ra4 a5 49. f3 f5 50. Kh4 Kf6 51. g4 Rd5 52. f4 Rb5 53. b4 axb4 54. Rxb4 Ra5 55. a4 Ra6 56. Kh5 Ra8 57. g5+ Kg7 58. Rb7+ Kf8 59. g6 Rxa4 60. Kg5 Ra8 61. Kf6 Re8 62. h4 e5 63. fxe5 f4 64. Rb3 Kg8 65. Rf3 Rf8+ 66. Kg5 Kg7 67. h5 Re8 68. h6+ Kg8 69. Kf5 Rf8+ 70. Kg5 Re8 71. Kxf4 Re6 72. Kf5 Re8 73. e6 Rf8+ 74. Ke4 Re8 75. Ke5 Ra8 76. Rd3 Kf8 77. Kf6 Kg8 78. h7+ Kh8 79. g7+ 1-0